Annual report Ministry of Foreign Affairs of the Slovak Republic foreign policy in ...
| New Title: | Foreign policy in ... |
|---|---|
| Format: | Serial |
| Language: | English |
| PhysicalDescription: | 5 zv. fotogr., mp. 29 cm |
| Published: |
Bratislava
Ministry of Foreign Affairs of the Slovak Republic
2008-2012
|
| ISBN: | 9788088726272 (brož. : 2007) 9788088726395 (brož. : 2009) 9788088726487 (brož. : 2011) 9788088726463 (brož. : 2010) |
| Subjects: | |
| Online Access: | http://www.mzv.sk/sk/ministerstvo/publikacie_a_vyrocne_spravy-vyrocne_spravy |
MARC
| LEADER | 00000cas a2200000 a 4500 | ||
|---|---|---|---|
| 001 | vtls009831594 | ||
| 003 | SK-MaSNL | ||
| 005 | 20260425194029.0 | ||
| 008 | 090726d20082012xo ar o000 a0eng | ||
| 015 | |a SNBB2016-(r. 2010, r. 2011) |a SNBB2023-(r. 2007, r. 2009) | ||
| 020 | |a 9788088726272 (brož. : 2007) | ||
| 020 | |a 9788088726395 (brož. : 2009) | ||
| 020 | |a 9788088726487 (brož. : 2011) | ||
| 020 | |a 9788088726463 (brož. : 2010) | ||
| 035 | |a (SVKBBclas03)vtls000303893 | ||
| 040 | |a SVKBB |b slo |c SVKBB |d SNK |e AACR2 | ||
| 041 | 0 | |a eng | |
| 043 | |a e-xo--- | ||
| 044 | |a xo |c SK | ||
| 072 | 7 | |a 327 |x Medzinárodné vzťahy, svetová politika |2 konspekt | |
| 080 | |a 327 |2 2011 | ||
| 080 | |a 341.7 |2 2011 | ||
| 080 | |a (437.6) |2 2011 | ||
| 080 | |a (047.1) |2 2011 | ||
| 080 | |a 050 |2 2011 | ||
| 245 | 0 | 0 | |a Annual report Ministry of Foreign Affairs of the Slovak Republic |b foreign policy in ... |
| 246 | 1 | 0 | |a Foreign policy in ... |
| 246 | 1 | 3 | |a Annual report ... |
| 260 | |a Bratislava |b Ministry of Foreign Affairs of the Slovak Republic |c 2008-2012 | ||
| 300 | |a 5 zv. |b fotogr., mp. |c 29 cm | ||
| 310 | |a 1x ročne | ||
| 362 | 0 | |a 2007-2011 | |
| 500 | |a Súčasťou názvu je rok | ||
| 500 | |a Správa za rok 2010 (vydaná v r. 2011) bez titulnej strany, názov na obale: Ministry of Foreign Affairs of the Slovak Republic : foreign policy in ... : annual report ... | ||
| 610 | 1 | 7 | |a Slovensko. |b Ministerstvo zahraničných vecí |2 SNKKA |9 112646 |
| 650 | 0 | 7 | |a zahraničná politika |2 SNKPH |9 971 |
| 650 | 0 | 7 | |a diplomacia |2 SNKPH |9 1254 |
| 650 | 0 | 7 | |a Foreign policy |2 SNKPHeng |9 266402 |
| 650 | 0 | 7 | |a Diplomacy |2 SNKPHeng |9 266403 |
| 651 | 7 | |a Slovensko |2 SNKPHgeo |9 14231 | |
| 651 | 7 | |a Slovakia |2 SNKPHeng |9 92630 | |
| 655 | 7 | |a výročné správy |2 SNKPH |9 70580 | |
| 655 | 7 | |a Annual reports |2 SNKPHeng |9 265598 | |
| 775 | 0 | |t Výročná správa Ministerstva zahraničných vecí Slovenskej republiky |e slo |w vtls009831593 | |
| 785 | 0 | 0 | |t Foreign policy in ... |w vtls010592761 |
| 852 | |a Štátna vedecká knižnica v Banskej Bystrici | ||
| 856 | 4 | 1 | |u http://www.mzv.sk/sk/ministerstvo/publikacie_a_vyrocne_spravy-vyrocne_spravy |
| 910 | |a snk | ||
| 919 | |a 978-80-88726-27-2 | ||
| 919 | |a 978-80-88726-39-5 | ||
| 919 | |a 978-80-88726-48-7 | ||
| 919 | |a 978-80-88726-46-3 | ||
| 999 | |c 2146 |d 4076 | ||
| 952 | |a SNK |b SNK |y PREZ |7 0 |p 17A1520816 |o snkČSB 6217/2009 |i snk2023/11032 |8 1 |0 0 |1 0 |4 0 |d 2023-07-18 |l 0 |r 2026-02-21 21:39:33 |w 2026-02-21 | ||
| 952 | |a SNK |b SNK |y PREZ |7 0 |p 17A1520817 |o snkČSB 6217/2009 D1 |i snk2023/11034 |8 1 |0 0 |1 0 |4 0 |d 2023-07-18 |l 0 |r 2026-02-21 21:39:33 |w 2026-02-21 | ||
| 952 | |a SNK |b SNK |y PREZ |7 0 |p 17A1520814 |o snkČSB 6217/2007 |i snk2023/11030 |8 1 |0 0 |1 0 |4 0 |d 2023-07-18 |l 0 |r 2026-02-21 21:39:35 |w 2026-02-21 | ||
| 952 | |a SNK |b SNK |y PREZ |7 0 |p 17A1520815 |o snkČSB 6217/2007 D1 |i snk2023/11031 |8 1 |0 0 |1 0 |4 0 |d 2023-07-18 |l 0 |r 2026-02-21 21:39:35 |w 2026-02-21 | ||
| 952 | |a SNK |b SNK |y PREZ |7 0 |p 17A1202449 |o snkČSB 6217/2010 |i snk2016/19624 |8 0 |0 0 |1 0 |4 0 |d 2016-08-18 |l 0 |r 2026-02-21 22:03:03 |w 2026-02-21 | ||
| 952 | |a SNK |b SNK |y PREZ |7 0 |p 17A1202450 |o snkČSB 6217/2010 D1 |i snk2016/19625 |8 0 |0 0 |1 0 |4 0 |d 2016-08-18 |l 0 |r 2026-02-21 22:03:03 |w 2026-02-21 | ||
| 952 | |a SNK |b SNK |y PREZ |7 0 |p 17A1202451 |o snkČSB 6217/2011 |i snk2016/19626 |8 0 |0 0 |1 0 |4 0 |d 2016-08-18 |l 0 |r 2026-02-21 22:03:03 |w 2026-02-21 | ||
| 952 | |a SNK |b SNK |y PREZ |7 0 |p 17A1202452 |o snkČSB 6217/2011 D1 |i snk2016/19627 |8 0 |0 0 |1 0 |4 0 |d 2016-08-18 |l 0 |r 2026-02-21 22:03:03 |w 2026-02-21 | ||


